000 00879na a2200289 4500
001 23130
003 MIRAKIL
005 20181213155256.0
008 170719b tu 000 0
020 _a9786055892814
040 _aMilas
_btur
_cTR-AnCHP
041 _atur
082 _a322.4
_bE62g 2013
090 _a322.4 E62g 2013
100 _aErdemol, Mustafa K.
245 _aGezi parkı direnişi
_bKüçük bahçede büyük kıyamet
_cMustafa K. Erdemol
246 _aKüçük bahçede büyük kıyamet
260 _aİstanbul
_bYazılama yayınevi
_c2013
300 _a95 s.
_bfotğ.
_c21 sm.
440 _aYazılama yayınevi
_v75
490 _aTürkiye yazıları
_v18
650 _aToplumsal olaylar
_xGezi Parkı Olayları
650 _aGezi direnişi
650 _aGezi parkı olayları
740 _aKüçük bahçede büyük kıyamet
942 _2ddc
_cBKS
999 _c9765
_d9765